Countries Chris wants to live in (Capital) (Native Language) - Statistics

General Stats
  • This quiz has been taken 7 times
  • The average score is 20 of 24
Answer Stats
Capital in native language Country % Correct
Sucre/La Paz Bolivia
100%
Brasília Brazil
100%
Sanitago Chile
100%
Bogotá Colombia
100%
Havana Cuba
100%
Tegucigalpa Honduras
100%
नई दिल्ली India
100%
Ciudad de México Mexico
100%
Managua Nicaragua
100%
Москва Russia
100%
Bern Switzerland
100%
Caracas Venezuela
100%
Hà Nội Vietnam
100%
Минск Belarus
86%
Te Whanganui-a-Tara New Zealand
86%
Mji wa Cape Town/Pretoria/Bloemfontein South Africa
86%
Ouagadougou Burkina Faso
71%
北京 China
71%
香港 (disputed autonomous region) Hong Kong
71%
Baile Átha Cliath Ireland
71%
ວຽງຈັນ Laos
43%
Liberland (micronation) Liberland
43%
Тираспол (autonomous region) Transnistria
43%
Natales (micronation) Glacier republic
29%
No matching quizzes found
Score Distribution
Percent of People with Each Score
Percentile by Number Answered
Your Score History
You have not taken this quiz